Greek Mythology Characters By Punishments - Statistics

General Stats
  • This quiz has been taken 172 times
  • The average score is 4 of 10
Answer Stats
Punishment Character % Correct
Gets Liver Eaten By An Eagle Every Day Prometheus
88%
Had To Repeat The Last Thing Everyone Said Echo
81%
Sentenced To Rock N' Roll Sisyphus
73%
Given Prophecy But Cursed To Never Be Belived Cassandra
69%
He Can't Eat Or Drink All Though The Apples And Water Is Just Out Of Reach Tantalus
55%
Turned Into A Werewolf Lycaon
14%
Is Spinning For Ever Ixion
13%
49 Women Who Have To Fill Up A Bucket With Water That Has A Hole Danaides
9%
Two Vultures Would Eat His Liver Tityus
6%
Stuck Under A Rock Dangling Just Above Him So He Couldn't Move Salmoneus
1%
No matching quizzes found
Score Distribution
Percent of People with Each Score
Percentile by Number Answered
Your Score History
You have not taken this quiz